00357 a2200109 4500001000900000005001700009008004100026245007200067100001900139773007200158999001700230ART_301520260410161712.0260409a 10aLa teoría del cambio tecnológico y las economías dependientes1 aMonza, Alfredo0 tDesarrollo económicog- Vol. 12, Nº 46 (jul./sep. 1972)wREV1174 c16142d16142